Aventures de Télémaque / (Record no. 154048)

MARC details
000 -LEADER
campo de control de longitud fija 00916nam a2200253 i 4500
001 - NÚMERO DE CONTROL
campo de control 154048
003 - IDENTIFICADOR DE NÚMERO DE CONTROL
campo de control ES-MaACL
005 - FECHA Y HORA DE LA ÚLTIMA TRANSACCIÓN
campo de control 20250716063310.0
008 - DATOS DE LONGITUD FIJA--INFORMACIÓN GENERAL
campo de control de longitud fija 050829n1850 sp a |||| | spa d
040 ## - FUENTE DE CATALOGACIÓN
Centro catalogador/agencia de origen CAM
Lengua de catalogación spa
Centro/agencia transcriptor CAM
100 1# - ENTRADA PRINCIPAL--NOMBRE DE PERSONA
Nombre de persona Fénelon, François de Salignac de La Mothe,
Fechas asociadas al nombre 1651-1715
9 (RLIN) 49246
245 10 - MENCIÓN DEL TÍTULO
Título Aventures de Télémaque /
Mención de responsabilidad, etc. par Fénelon.
260 ## - PUBLICACIÓN, DISTRIBUCIÓN, ETC.
Lugar de publicación, distribución, etc. [s.l.] :
Nombre del editor, distribuidor, etc. Publié par Gustave Havard,
Fecha de publicación, distribución, etc. [1850?]
300 ## - DESCRIPCIÓN FÍSICA
Extensión 88 p. ;
Dimensiones 30 cm.
490 1# - MENCIÓN DE SERIE
Mención de serie Romans, contes et nouvelles illustrés
594 ## - Nota al título y mención de responsabilidad
Nota al título y mención de responsabilidad Datos de la obra tomados de la primera p. de texto, no tiene port.
596 ## - NOTA AL PIE DE IMPRENTA
NOTA AL PIE DE IMPRENTA Impreso posiblemente en la segunda mitad del s. XIX.
597 ## - NOTA DE DESCRIPCIÓN FÍSICA
NOTA DE DESCRIPCIÓN FÍSICA Texto a dos col.
700 1# - ENTRADA AGREGADA--NOMBRE PERSONAL
Nombre de persona Havard, Gustave.
9 (RLIN) 127815
752 ## - ENTRADA AGREGADA--NOMBRE JERÁRQUICO DEL LUGAR
País o entidad superior Francia -
Ciudad Paris
830 0# - PUNTO DE ACCESO ADICIONAL DE SERIE-TÍTULO UNIFORME
Título uniforme Romans, contes et nouvelles illustrés
9 (RLIN) 188019
852 ## - LOCALIZACIÓN
Ubicación ES-MaACL
Número de control de estantería F-1952
Nota libre - Enc. hol.
Holdings
Estatus retirado Estado de pérdida Estado de daño No para préstamo Colección Biblioteca de origen Biblioteca actual Ubicación en estantería Fecha de adquisición Fuente de adquisición Total de préstamos Signatura topográfica completa Código de barras Visto por última vez Precio de reemplazo Tipo de ítem Koha
        Libros del s. XIX Biblioteca del Ateneo de Madrid Biblioteca del Ateneo de Madrid Depósito 2 17/01/2008     F-1952 1161071 23/02/2023 23/02/2023 Libro impreso antiguo